000 00649 a2200169 4500
001 066779
003 OSt
005 20211007123939.0
008
082 _a004.6
_bW58D
100 1 _aWhite, Curt M.
245 1 _aData communications and computer networks
_cby Curt M. White
260 _aAustralia
_bCengage learning
_c2007
300 _a421p.
690 _aData transmission systems; Computer networks; OSI (Computer network standard); Industrial management; Business enterprises--Computer networks; Business enterprises--Computer networks; Industrial management--Computer network resources
942 _2ddc
_cBK
999 _c780
_d780